00513nam a2200157 a 4500008004100000020001500041050002500056110004400081245010700125260004100232300001700273350000900290650001000299650003100309710001500340120416s2004 ||||||||||||||||| || u a0821359444 aIBRD-IFC(058)AR/2004 aInternational Finance Corporation (IFC)10aInternational Finance Corporation (IFC): 2004 annual report; adding value to private sector investment aWashington, D. C.:bWorld Bankc2004 a120p. : ill. a0.00 aBANKS aWORLD BANK--ANNUAL REPORTS aWorld Bank